000 00536nam a2200193 4500
001 132337
003 ES-MaACL
005 20230906194144.0
007 t|
008 070214s1944 be r ||||1| fre d
100 1 _aRolland, Paul.
_999175
245 1 0 _aIntérieurs tournaisiens /
_cPaul Rolland.
260 _aBruxelles :
_bCercle d'Art,
_c1944.
300 _a46 p., 32 lám. ;
_c24 cm.
490 1 _aL'art en Belgique
830 0 _aL'art en Belgique
_9182903
852 _aES-MaACL
_jC-4978
_bR.25279
999 _c132337
_d132337